Least Populous State Capitals Quiz Stats

 Plays Quiz Updated Mar 15, 2019

Score 0/10 Timer 02:00
2 Plays Today
Population Capital % Correct
13,646Pierre, South Dakota
76.1%
28,190Helena, Montana
75.2%
7,855Montpelier, Vermont
74.4%
31,275Juneau, Alaska
73.1%
19,136Augusta, Maine
72.1%
42,695Concord, New Hampshire
64.2%
36,047Dover, Delaware
60.2%
43,079Jefferson City, Missouri
49.1%
25,527Frankfort, Kentucky
43.1%
38,394Annapolis, Maryland
40%

You're not logged in!

Compare scores with friends on all Sporcle quizzes.
OR
Log In

Sporcle TV

Today on Sporcle TV


Watch our educational content, quiz creation guides, and fun videos on Sporcle TV.

Show Comments

Extras

Top Quizzes Today


Score Distribution

Your Account Isn't Verified!

In order to create a playlist on Sporcle, you need to verify the email address you used during registration. Go to your Sporcle Settings to finish the process.

Report this User

Report this user for behavior that violates our Community Guidelines.

Details: